000 00292nam a2200097Ia 4500
008 220204s9999 xx 000 0 und d
082 _a338.26(73)
_bROC
245 0 _aRockfeller foundation President's five year review and annual report 1968
260 _aNew York
_bRockfeller
_c1969
942 _cBK
999 _c21920
_d21920